| 000 | 00836nam a2200241 a 4500 | ||
|---|---|---|---|
| 005 | 20140311163043.0 | ||
| 008 | 121025s19uu xx 00 eng d | ||
| 020 | _a9780538473477 | ||
| 050 |
_aHF 5657.4 _b.M936 2012 |
||
| 100 | _aMowen, Maryanne M. | ||
| 245 |
_aManagerial accounting : _bthe cornerstone of business decisions / _cMaryanne M. Mowen, Don R. Hansen, Dan L. Heitger. |
||
| 250 | _a4th ed., International ed. | ||
| 260 |
_a[Mason, Ohio ; Andover] : _bSouth-Western / Cengage Learning, _c2012. |
||
| 300 |
_a741 p. : _bill. col. ; _c28 cm. |
||
| 500 | _aPrevious ed.: 2009. Includes index. | ||
| 521 | _aBSBA | ||
| 650 | _aManagerial accounting | ||
| 650 |
_aManagerial accounting _xProblems, exercises, etc |
||
| 700 | _aHansen, Don R. | ||
| 700 | _aHeitger, Dan L. | ||
| 942 |
_cBK _2lcc _kFOR |
||
| 999 |
_c39785 _d39785 |
||